000 00444nam a2200157Ia 4500
005 20250923144406.0
008 008 250917s9999 xx 000 0 eng d
037 _aReports
040 _aDSWL
_beng
_cDSWL
041 _aeng
_2eng
084 _aV2:2qN35, H7
_qDSWL
245 0 _aGovernment of India act,1935
_cby Govt. of India
260 _aDelhi
_bManager of Pub.
942 _cREP
_hV2:2qN35, H7
999 _c1438275
_d1438275